Sejm ustawodawczy pzeczypospolitej polskiej 1947-1952

Bibliographic Details
Main Author: Beňa, Jozef, 1949- (Author)
Format: Article
Language:Slovak
Subjects:

MARC

LEADER 00000nab a2200000 a 4500
001 vtls000048610
003 SK-MaSNL
005 20260303194004.0
008 150501c1979 xo 0 slo
015 |a SNBRB19rr/mm-uuuuu 
035 |a CL0058706 
040 |a SNKBUCL  |b slo  |c SNKBUCL  |e AACR2 
041 0 |a slo 
044 |a xo  |c SK 
080 |a 342  |2 1981 
100 1 |a Beňa, Jozef,  |d 1949-  |4 aut  |9 88572 
245 1 0 |a Sejm ustawodawczy pzeczypospolitej polskiej 1947-1952  |c Jozef Beňa 
650 0 7 |a štátne právo  |2 SNKPH  |9 74559 
650 0 7 |a Zákonodarný sejm  |2 SNK  |9 1225778 
655 7 |a články z novín a časopisov  |2 SNK  |9 267496 
773 0 |t Právny obzor  |g Roč. 62, č. 7 (1979), s. 581-583 
787 0 8 |i Rec.:  |t Sejm ustawodawczy rzeczypospolitej polskiej 1947-1952  |d Wroclaw-Warszawa-Kraków-Gdansk, 1977 
850 |a Slovenská národná knižnica v Martine  |a MTA001 
852 |a SNK  |b KIS3GCP 
958 |a RK 
958 |a PL 
992 |a RBX 
999 |c 2155085  |d 2157015